000 00436nam a22001457a 4500
999 _c16999
_d16999
008 180716b xxu||||| |||| 00| 0 eng d
020 _a0071418695
050 _aRS100
_b.D47 2004 c.1
100 _aDesselle, Shane P.
245 _aPharmacy Management
_bEssentials for All Practice Settings
_cShane P. Desselle
260 _aNew York
_bMcGrawHill
_c2004
300 _axviii,597p.
650 _aPharmacy Management
942 _2lcc
_cBK